|
|
|
|
| LEADER |
00000nas a2200000 a 4500 |
| 001 |
ssj0010018 |
| 003 |
WaSeSS |
| 005 |
20200512172242.0 |
| 006 |
m d |
| 007 |
cr n |
| 008 |
021010c19759999ne tx pss go 0 a0eng c |
| 010 |
|
|
|a 2010233045
|
| 015 |
|
|
|a GBB407768
|2 bnb
|
| 016 |
7 |
|
|a 2146434-0
|2 DE-600
|
| 016 |
7 |
|
|a 012916625
|2 Uk
|
| 022 |
|
|
|a 1741-6191
|l 0165-070X
|y 0165-070X
|
| 030 |
|
|
|a NILRE5
|
| 032 |
|
|
|a 689490
|b USPS
|
| 035 |
|
|
|a (WaSeSS)ssj0010018
|
| 037 |
|
|
|b T.M.C. Asser Press, R.J. Schimmelpennicklaan 20-22, The Hague, 2517 JN Netherlands
|
| 040 |
|
|
|a TXU
|b eng
|c TXU
|d OCLCQ
|d OCL
|d GUA
|d OCLCQ
|d TXA
|d OCLCF
|d OCLCO
|d VT2
|d OCLCQ
|d NLE
|d AU@
|d UKMGB
|d DLC
|d WaSeSS
|
| 042 |
|
|
|a pcc
|
| 050 |
0 |
0 |
|a K14
|
| 082 |
0 |
4 |
|a 341.05
|
| 130 |
0 |
|
|a Netherlands international law review (Online)
|
| 222 |
|
0 |
|a Netherlands international law review
|b (Online)
|
| 245 |
1 |
0 |
|a Netherlands international law review
|h [electronic resource].
|
| 246 |
3 |
0 |
|a N.I.L.R.
|
| 246 |
1 |
3 |
|a NILR
|
| 260 |
|
|
|3 [1975-] :
|a [Dordrecht, Netherlands] :
|b [Martinus Nijhoff Publishers]
|
| 260 |
2 |
|
|3 <2003-> :
|a [The Hague, Netherlands] :
|b T.M.C. Asser Press
|
| 310 |
|
|
|a Three issues a year
|
| 362 |
1 |
|
|a Print began with vol. 22, issue 1 (1975).
|
| 506 |
|
|
|a License restrictions may limit access.
|
| 538 |
|
|
|a Mode of access: World Wide Web.
|
| 588 |
|
|
|a Description based on: Vol. 50, issue 1 (May 2003); title from contents screen (Cambridge journals, viewed Mar. 11, 2010).
|
| 588 |
|
|
|a Latest issue consulted: Vol. 65, no. 2 (July 2018) (viewed Mar. 29, 2019).
|
| 650 |
|
0 |
|a International law
|v Periodicals.
|
| 650 |
|
0 |
|a Conflict of laws
|v Periodicals.
|
| 650 |
|
0 |
|a Comparative law
|v Periodicals.
|
| 650 |
|
7 |
|a Comparative law.
|2 fast
|0 (OCoLC)fst00871350
|
| 650 |
|
7 |
|a Conflict of laws.
|2 fast
|0 (OCoLC)fst00874831
|
| 650 |
|
7 |
|a International law.
|2 fast
|0 (OCoLC)fst00976984
|
| 655 |
|
0 |
|a Electronic journals.
|
| 710 |
2 |
|
|a T.M.C. Asser Instituut.
|
| 776 |
0 |
8 |
|i Print version:
|t Netherlands international law review
|x 0165-070X
|w (DLC) 84649841
|w (OCoLC)2256192
|
| 780 |
0 |
0 |
|t Nederlands tijdschrift voor internationaal recht
|w (OCoLC)779890834
|
| 787 |
0 |
|
|t Netherlands yearbook of international law
|
| 850 |
|
|
|a DLC
|
| 856 |
4 |
0 |
|z Full text available from Research Library: 05/01/2003 to 1 year ago
|u https://search.proquest.com/publication/29199
|